000
00356nam a2200157Ia 4500
005
20250423101416.0
008
250422s9999 xx 000 0 und d
020
_a
0-8094-2694-3
050
_a
GV826.5.W47
100
_a
A.B.C Whipple
245
4
_a
The racing yachts
260
_a
Virgina
260
_b
Time-Life Books
300
_a
176 p
942
_c
BK
999
_c
36223
_d
36223